BIBLIOTHÈQUE DE LA MAISON DU MEXIQUE

Logo 1 Logo 2

Art of the fantastic (notice nᵒ 9534)

détails MARC
000 -Sello discográfico
campo de control de longitud fija 01156nam a2200385 4500
005 - Identificación de versión
campo de control 20251016085208.0
010 ## - Número Estándar Internacional de Libros (ISBN)
Número (ISBN) 0-936260-19-X
035 ## - Otros números de control del sistema
Número de control del sistema 17092
099 ## - fechas locales
Tipo de ítem Koha LIBRO
100 ## - Datos de procesamiento general
Datos de procesamiento general 20030804d1987 m y1spay5003 ba
105 ## - Campo de datos codificados: Material textual, monográfico
Datos codificados de monografía a 001zy
200 1# - Título y mención de responsabilidad
Título propio Art of the fantastic
Designación general del material texto impreso
Otra información del título latin american, 1920-1987
Primer mención de responsabilidad Holliday T. Day, Hollister Sturges
Declaración de responsabilidad subsiguiente contributions Edward Lucie-Smith, Damián Bayón, ... [et al.]
210 ## - Publicación, distribución, etc.
Lugar de publicación, distribución, etc. Indianapolis, Indiana
Nombre del editor, distribuidor, etc. Indianapolis Museum of Art
Fecha de publicación, distribución, etc. 1987
215 ## - Descripción física
Designación de material específico y extensión del ítem 302 p
Otras características físicas il.
Dimensiones 31 cm
318 ## - Nota de acción
Acción No se presta a domicilio
345 ## - Nota de información de adquisición
Fuente de adquisición/dirección de la suscripción [OBSOLETO] Donación
606 ## - Término temático usado como materia
Elemento de entrada Arte
Subdivisión geográfica América Latina
Subdivisión temática Historia
Número Koha 1741
660 ## - Código de área geográfica
Código MX
676 ## - Clasificación Decimal Dewey
Número R759.06 H73a
700 ## - Nombre personal - Responsabilidad primaria
Elemento de entrada Day
Parte del nombre distinta del elemento de entrada Holliday T
Número Koha 15910
701 ## - Nombre personal - Responsabilidad alternativa
Elemento de entrada Sturges
Parte del nombre distinta del elemento de entrada Hollister
Número Koha 15911
702 ## - Nombre personal - Responsabilidad secundaria
Elemento de entrada Bayón Arrufat
Parte del nombre distinta del elemento de entrada Damián Carlos
Fechas 1915-1995
Número Koha 4914
702 ## - Nombre personal - Responsabilidad secundaria
Elemento de entrada Lucie-Smith
Parte del nombre distinta del elemento de entrada Edward
Número Koha 15912
801 #0 - Fuente de origen
Agencia cm
900 ## -
-- 1/4125
900 ## -
-- 7100315872\040803
942 ## - ELEMENTOS DE ENTRADA SECUNDARIOS (KOHA)
Tipo de ítem Koha Livre

Pas d'exemplaire disponible.